[Event "Capablanca Memorial Elite 34th"]
[Site "Havana"]
[Date "1999.05.12"]
[Round "5"]
[White "Godena, Michele"]
[Black "Slobodjan, Roman"]
[Result "1/2-1/2"]
[WhiteElo "2552"]
[BlackElo "2536"]
[Annotator "Tsesarsky,I"]
[PlyCount "92"]
[EventDate "1999.05.??"]
[EventType "tourn"]
[EventRounds "13"]
[EventCountry "CUB"]
[EventCategory "12"]
[SourceTitle "CBM 071"]
[Source "ChessBase"]
[SourceDate "1999.08.01"]
[SourceVersion "1"]
[SourceVersionDate "1999.08.01"]
[SourceQuality "1"]

1. e4 g6 2. d4 Bg7 3. c3 d6 4. Nf3 Nf6 5. Bd3 Nc6 6. O-O O-O 7. Re1 e5 8. h3
Re8 9. Bc2 $146 (9. a3 h6 10. b4 (10. Bc2 Nh5 (10... exd4 11. cxd4 d5 (11...
Ne7 12. Nc3 $14) 12. e5 Ne4 13. Nc3 Bf5 14. Nxe4 Bxe4 15. Bxe4 dxe4 16. Rxe4
Nxe5 17. Nxe5 Rxe5 18. Rxe5 Bxe5 19. Bxh6 Bxd4 $11) 11. b4 (11. d5 Nb8 12. c4
$14 {[%cal Gb1c3]}) 11... Qf6 (11... exd4 12. cxd4 Qf6 13. Be3 $14) 12. d5 Ne7
13. c4 Nf4 14. Nc3 $14 {1-0 Karlsson,L-Jansa,V/Oslo 1988 (29)}) 10... Nh5 11.
b5 Nb8 12. a4 Qf6 13. Bb2 Nf4 14. c4 Nd7 15. Bf1 exd4 16. Bxd4 Ne5 17. Nxe5
dxe5 18. Be3 $132 {1/2-1/2 Kulaots,K-Hillarp Persson,T/Copenhagen PC 1996 (50)}
) (9. Qb3 h6 10. Na3 Nh5 11. Nc2 Nf4 12. Bxf4 exf4 13. Bb5 $132 {1-0 Engqvist,
T-Kaiszauri,K/Stockholm Rilton Cup 1992 (47)}) (9. d5 Ne7 (9... Nb8 10. c4 c5 (
10... a5 11. Nc3 Na6 12. a3 $14 {1-0 Yudasin,L-Finkel,A/Jerusalem 1996/CBM 56/
(41)}) 11. Nc3 Nh5 12. Bg5 Bf6 13. Be3 $14 {1-0 Magem Badals,J-Dorfman,J/FrTCh,
Toulouse FRA 1998 (46)}) 10. c4 a5 11. Nc3 Nd7 12. a3 (12. Bc2 h6 13. Bd2 Rf8
14. Qc1 Kh7 $14 {1/2-1/2 Lerner,K-Azmayparashvili,Z/Moscow URS ch(1) 1983 (62)}
) 12... h6 (12... f5 13. Bd2 Nc5 14. Bc2 f4 15. b4 axb4 16. axb4 Rxa1 17. Qxa1
Na6 18. Na4 $14 {1/2-1/2 Chernin,A-Azmaiparashvili,Z/Tilburg 1994/Inf 61 (26)})
13. Rb1 f5 14. b4 f4 15. Nd2 g5 16. Be2 Nf6 17. c5 axb4 18. axb4 Ng6 19. Nc4
Bf8 20. cxd6 Bxd6 21. Nb5 Re7 22. Nbxd6 cxd6 23. b5 $14 {1-0 Pisk,P-Konopka,M/
ch-CZE, Zlin CZE 1998 (41)}) (9. Na3 h6 (9... Bd7 10. Nc2 a5 11. Bd2 a4 12. Qc1
d5 13. exd5 Nxd5 (13... Nxd4 14. cxd4 $1 (14. Nxe5 $2 Nxc2 15. Qxc2 Nxd5 16.
Nxd7 Qxd7 17. Rad1 $14 {0-1 Godena,M-Bernard,C/Paris 1998 (32)}) 14... e4 15.
Be2 exf3 16. Bxf3 $16) 14. Bg5 f6 15. Bh6 exd4 16. Rxe8+ Qxe8 17. Bxg7 Kxg7 18.
Ncxd4 $11) (9... exd4 10. cxd4 (10. Nxd4 $132) 10... d5 11. e5 Ne4 12. Bf4 (12.
Nc2 Bf5 13. Ne3 Be6 14. a3 $14) (12. Nb5 Bf5 13. Bf4 (13. Be3 $14) (13. g4 Be6
14. Be3 Nb4 15. Bf1 $14) 13... a6 14. Nc3 Nxc3 15. bxc3 Bxd3 (15... Qd7 $2 16.
Bf1 $16 {0-1 Poluljahov,A-Novgorodskij,V/St.Petersburg 1997/CBM 62/ (41)}) 16.
Qxd3 Qd7 $11 {[%cal Gc6d8,Gd8e6]}) (12. Bxe4 dxe4 13. Rxe4 Nxe5 14. Nxe5 Rxe5
$11) 12... Bf5 (12... f5 13. exf6 Qxf6 (13... Bxf6 $2 14. Nb5 Re7 15. Nxc7 Rxc7
16. Bxc7 Qxc7 17. Qb3 Nd6 18. Qxd5+ Kg7 19. Rac1 $16) 14. Qb3 Be6 (14... Qf7 $1
15. Bxe4 (15. Nb5 Be6 (15... Qxf4 16. Bxe4 Kh8 17. Bxd5 Bd7 18. g3 $18) 16.
Nxc7 Nxd4 17. Qd1 (17. Nxd4 Bxd4 18. Bxe4 Bxf2+ 19. Kxf2 Qxf4+ 20. Bf3 Qxc7 $17
) 17... Qxf4 18. Nxe8 Nxf2 19. Kxf2 Nxf3 (19... Rxe8 $15) 20. Qxf3 Qd4+ 21. Qe3
Rxe8 22. Kg3 Qb4 $15) 15... Rxe4 16. Rxe4 dxe4 17. Qxf7+ Kxf7 18. Ne5+ $11) 15.
Be3 (15. Bxc7 Nxd4 $17) (15. Qxb7 Nxd4 16. Nxd4 Qxd4 17. Bxe4 dxe4 18. Nb5 $132
{1/2-1/2 Magem Badals,J-Strikovic,A/Pamplona 1998/CBM 63/(29)}) (15. Be5 Nxe5
16. dxe5 Qe7 $132) 15... Rab8 16. Nb5 $14) (12... Be6 13. Nc2 $14) 13. g4 Be6
14. Nc2 $14) (9... d5 10. exd5 Nxd5 11. dxe5 (11. Bg5 f6 12. Bh4 exd4 13. Rxe8+
Qxe8 14. Bc4 Be6 15. Nxd4 Nxd4 16. Qxd4 f5 17. Qd2 c6 18. Re1 Qd7 (18... Qf7 $2
19. Bxd5 cxd5 (19... Bxd5 20. Re7 Qf8 21. c4 Bf7 22. Rxb7 $16) 20. Nb5 $16 {
Kuporosov,V-Kirpichnikov,V/Pardubice op 1993/TD 93\07/1-0 (38)}) 19. Nc2 h6 20.
Nb4 Kh7 21. Nxd5 cxd5 22. Bb3 a5 23. a3 a4 24. Ba2 Rc8 25. Bg3 Bg8 $14) 11...
Nxe5 12. Nxe5 Bxe5 13. Be4 c6 14. c4 Nf6 15. Qxd8 Rxd8 16. Bxg6 hxg6 17. Rxe5
Rd1+ 18. Kh2 $16) (9... a6 10. Bd2 h6 11. Rc1 Nh5 12. Nc2 Kh7 13. a3 Bd7 14. b4
Nf6 15. Rb1 (15. d5 Ne7 16. c4 Ba4 17. c5 $14) 15... Qc8 16. Bc4 Re7 17. d5 Nb8
18. Bf1 $14 {Smagin,S-Ivanov,T/Moscow3 1995/EXP 47/1-0 (49)}) 10. Nc2 Bd7 11.
Bd2 a5 12. b3 Nh5 13. Qc1 g5 14. Bf1 Qf6 15. dxe5 dxe5 16. Ne3 $14 {1/2-1/2
Rublevsky,S-Krasenkow,M/Polanica Zdroj 1996/CBM 55 (29)}) (9. Nbd2 d5 10. Nxe5
Nxe5 11. dxe5 Nxe4 12. Nxe4 dxe4 13. Bxe4 Qxd1 14. Rxd1 Bxe5 $11 {1/2-1/2
Lautier,J-Oratovsky,M/Belgrade YUG 1999 (18)}) 9... a6 10. Nbd2 (10. d5 Ne7 11.
c4 Nh5 12. Nc3 $14 {King-Indian Structure.}) 10... h6 11. Nf1 (11. d5 Ne7 12.
c4 Nh5 $132 {[%csl Rd2][%cal Gd2c3]}) 11... Nh5 12. Be3 Kh7 (12... exd4 13.
cxd4 Nb4 14. Bb3 Nf6 (14... Rxe4 15. Qd2 a5 16. Bxh6 Rxe1 17. Rxe1 Nf6 18. Bxg7
Kxg7 19. a3 Nbd5 $14) 15. Qd2 Nc6 16. Ng3 Nxe4 17. Nxe4 Rxe4 18. Bxh6 Rxe1+ 19.
Rxe1 d5 20. Bxg7 Kxg7 21. Bc2 $14) 13. Qd2 Qe7 14. a3 Nd8 15. g4 Nf6 (15... Qf6
16. Ng5+ Kh8 17. gxh5 exd4 18. cxd4 hxg5 19. Bxg5 Qxd4 20. hxg6 fxg6 (20...
Qxd2 21. Nxd2 fxg6 22. e5 Bxh3 23. exd6 Rxe1+ 24. Rxe1 Nf7 25. Bf4 Nxd6 26.
Bxg6 $11) 21. e5 Qxd2 22. Nxd2 $132) 16. Ng3 b5 (16... exd4 17. cxd4 Ne6 18. d5
Nc5 19. Bd4 $16) 17. a4 Bb7 {From Pirc opening the game transformated to
Spanish opening.} 18. axb5 (18. d5 c6 19. dxc6 Bxc6 (19... Nxc6 20. g5 hxg5 21.
Nxg5+ Kg8 22. Bb3 Rf8 23. axb5 axb5 24. Rxa8 Bxa8 25. Rd1 (25. Ra1 Bb7) 25...
Na5 26. Ba2 Nc4 27. Bxc4 bxc4 28. Qxd6 $16) 20. axb5 axb5 21. Rxa8 Bxa8 22. Ra1
(22. g5 hxg5 23. Nxg5+ Kg8 24. Bb3 Ne6 25. Nxe6 fxe6 26. Bc2 $14) 22... Ne6 23.
Ra7 Bb7 24. Qd3 Ra8 25. Rxa8 Bxa8 26. Qxb5 $16) 18... axb5 19. Rxa8 Bxa8 20.
dxe5 $6 $11 (20. d5 $14) 20... dxe5 21. b4 (21. Qd3 b4 22. Ra1 Bb7 23. cxb4
Qxb4 24. g5 hxg5 25. Nxg5+ Kg8 $11) 21... Nb7 $1 (21... Bb7 22. Qd3 $14) 22.
Qe2 Nd6 23. Bc5 (23. Nd2 Bb7 24. Ra1 Rd8 $11) 23... Bc6 24. Bb3 (24. Bd3 Rb8
25. Ra1 Nfe8 26. Ra6 Qd7 $11) 24... Nd7 25. Bxd6 cxd6 26. Ra1 (26. Rd1 Nb6 $11)
26... Nb6 27. Qe3 Rb8 (27... Ra8 28. Rxa8 Nxa8 29. c4 Nc7 $11) 28. Rd1 Bf8 (
28... Nc4 29. Qe2 Qe6 30. Nd2 d5 31. exd5 Bxd5 $11) 29. Nd2 d5 30. Nf3 dxe4 31.
Nxe4 Bg7 (31... f6 $11) 32. Nd6 Rd8 33. Qxb6 Rxd6 34. Rxd6 Qxd6 35. Qe3 (35. c4
bxc4 36. Ba4 c3 $1 37. b5 Qb4 38. Qxc6 Qxa4 39. Ne1 (39. Qxc3 e4 $19) 39... e4
$17) 35... Kg8 36. Nd2 Qe7 37. Ne4 Kh7 38. Qc5 (38. Nc5 $11) 38... Qb7 39. Nd6
Qd7 40. Bd5 Bxd5 41. Qxd5 e4 42. Qc5 $4 $19 (42. Kf1 Bxc3 43. Qc5 Bf6 44. Qd5
Bd8 45. Ke2 f6 $17) (42. Kg2 Bxc3 43. Qc5 Qe7 44. Nxb5 Bxb4 45. Qxe7 Bxe7 46.
Kg3 Bc5 47. Kf4 Bxf2 48. Kxe4 $11) 42... Bxc3 $4 $11 (42... Bf8 43. Nxe4 Qd1+
$19) 43. Nxe4 Bd4 44. Qd6 Qxd6 45. Nxd6 Bc3 46. Nxb5 Bxb4 1/2-1/2

[Event "Petrosian Memorial"]
[Site "Moscow"]
[Date "1999.06.23"]
[Round "6"]
[White "Spassky, Boris Vasilievich"]
[Black "Tseshkovsky, Vitaly"]
[Result "1/2-1/2"]
[WhiteElo "2549"]
[BlackElo "2556"]
[Annotator "Tsesarsky,I"]
[PlyCount "104"]
[EventDate "1999.06.??"]
[EventType "tourn"]
[EventRounds "9"]
[EventCountry "RUS"]
[EventCategory "11"]
[SourceTitle "CBM 072"]
[Source "ChessBase"]
[SourceDate "1999.10.01"]
[SourceVersion "1"]
[SourceVersionDate "1999.10.01"]
[SourceQuality "1"]

1. e4 d6 2. d4 Nf6 3. f3 c5 4. dxc5 Qa5+ 5. Qd2 (5. c3 Qxc5 6. Na3 Nbd7 7. Bc4
a6 8. Bb3 b6 9. Qe2 Bb7 10. Be3 Qc6 $132 {0-1 Wexler,B-Pelikan,J/Chacabuco
1965 (42)}) (5. Nd2 Qxc5 6. Nb3 Qc7 (6... Qb6 7. a4 Nc6 8. a5 Qc7 9. Ne2 g6 10.
Ned4 Bg7 11. Be3 O-O 12. c4 $132 Ne5 $132 (12... Be6 13. Qd2 Ne5 14. Rc1 Rfc8
15. Qb4 Bxc4 16. Bxc4 Nxc4 17. Nb5 $16 {1-0 Yasseen,A-Magomedov,M/Doha ,EXT
1992 (38)})) 7. c4 (7. Ne2 g6 8. Nc3 Bg7 9. Bg5 Be6 10. Qd2 Nbd7 11. O-O-O a6
12. Kb1 $132 {1-0 Ueter Heinz Dieter-Bachmann,A/BL 1985 (35)}) (7. Bg5 e6 8. c4
Be7 9. Rc1 O-O 10. Ne2 Nc6 11. Nc3 Rd8 12. Qd2 d5 13. exd5 exd5 14. Bf4 Bd6 15.
Bxd6 Qxd6 16. cxd5 Nxd5 17. Qxd5 Qxd5 18. Nxd5 Rxd5 19. Bc4 {1/2-1/2
Stertenbrink,G-Jodowitsch,M/cr 1984 (19)}) 7... e6 8. Be3 Be7 9. Ne2 O-O 10.
Nc3 a6 11. Be2 b6 12. O-O Bb7 13. Rc1 Re8 14. Qe1 Nbd7 15. Qf2 Rac8 16. Rfd1
$14 {1/2-1/2 Stertenbrink,G-Odendahl,R/BL 1988 (24)}) (5. Bd2 Qxc5 6. c4 Be6 7.
Nc3 Nbd7 8. Rc1 Qb6 9. Na4 Qc6 10. Ne2 Nc5 11. Nxc5 dxc5 12. Nf4 Rd8 13. Nd5 (
13. Nxe6 Qxe6 14. Qa4+ Qd7 15. Qxd7+ Nxd7 16. Rd1 g6 $11) 13... Bc8 14. Bd3
$132) (5. Kf2 Qxc5+ 6. Be3 Qc7 7. Nc3 a6 8. g4 e6 9. g5 Nfd7 10. f4 b5 11. a3
Bb7 12. Nf3 Nc5 13. Bd3 $132 {1/2-1/2 Svistunov,K-Fedorov,V/Moscow 1996 (23)})
(5. Nc3 Qxc5 6. Bb5+ (6. Bf4 g6 7. Qd2 Bg7 8. O-O-O O-O 9. Be3 Qa5 10. Bc4 Nc6
11. Nge2 Ne5 12. Bb3 b5 13. Kb1 $14 {1-0 Anand,V-Scholz,F/Chess Classic 1994 
(33)}) (6. Qd3 Nc6 (6... a6 7. Be3 Qa5 8. Nge2 (8. O-O-O e6 9. Nge2 Nc6 10. Qd2
b5 11. Nd4 Nxd4 12. Qxd4 Be7 13. Kb1 O-O $132 {0-1 McShane,L-Bonaccorsi,F/
London 1993 (31)}) 8... g6 9. Bd2 Qc7 10. Nd5 Nxd5 11. exd5 Bg7 12. Bc3 Bf5 13.
Qd2 Bxc3 14. Nxc3 Nd7 15. g4 Ne5 16. Be2 Bd7 $132 {0-1 Blasek,R-Costa,J/
Gelsenkirchen 1991 (30)}) 7. Qb5 Bd7 8. Qxc5 dxc5 9. Be3 e5 10. O-O-O O-O-O 11.
Bc4 $16 {1-0 Galego,L-Dias,P/ch-POR, Maceira 1997 (45)}) 6... Bd7 7. Qd3 a6 8.
Bxd7+ Nbxd7 9. Be3 Qc6 (9... Qc7 10. Bd4 e6 11. f4 e5 $132 {1/2-1/2 Moiseenko,
A-Vorotnikov,V/Moscow Russia CupII 1996 (39)}) 10. Bd4 e6 11. Nge2 Be7 12. O-O
O-O 13. Rad1 Ne5 14. Qd2 Rac8 15. b3 b5 $11 {1/2-1/2 Shchukin,D-Vorotnikov,V/
ch-city, St Petersburg RUS 1997 (53)}) 5... Qxc5 6. c4 (6. Qc3 Nc6 $11 (6...
Qc6 7. Bb5 {1-0 Tamminga,M-Leenes,R/Groningen 1984 (7)})) 6... e6 7. Nc3 Be7 8.
b3 O-O 9. Bb2 a6 10. Nge2 Nc6 {[%csl Gd4]} 11. Nf4 Bd7 $132 (11... Ne5 $132)
12. Be2 Rfd8 (12... Nd4 $2 13. Na4 $16) (12... Ne5 13. Nd3 Nxd3+ 14. Bxd3 Rfc8
$11) 13. Rc1 Qa7 {[%cal Ga7g1]} (13... Ne5 $11) 14. Kf1 $6 $15 {The problem of
the king is solved rather originally} (14. Bd3 Ne5 15. Nce2 $11) 14... Rac8 $6
(14... Ne5 $1 {[%cal Gb7b5]} 15. g3 (15. g4 b5 16. cxb5 (16. g5 Ne8 17. Nd3
bxc4 18. Nxe5 dxe5 19. Bxc4 (19. bxc4 Bc6 $17) 19... Bb5 20. Qe2 Bxg5 $17)
16... axb5 17. a3 (17. b4 d5 18. exd5 Bxb4 $17) 17... d5 18. Nb1 Bd6 19. exd5
exd5 20. Nxd5 Nxd5 21. Qxd5 Be6 22. Qe4 Ng6 23. Nc3 b4 24. Nb5 Qe7 25. axb4 (
25. Nxd6 bxa3 $1 26. Bxa3 Rxa3 27. Nf5 Qg5 28. Kf2 Bxf5 29. Qxf5 Qh4+ 30. Kg2
Ra2 31. Rhe1 Qxe1 $1 $19) 25... Bf4 26. Rc2 Bxb3 27. Qxe7 Nxe7 28. Rc3 Bd1 $17
{[%csl Rb2,Rf1][%cal Gd1e2,Gd8d2]}) 15... b5 $15) 15. g3 e5 $6 {[%csl Rd5,Rd6]}
(15... Ne5 16. Kg2 $132) 16. Ng2 Nd4 (16... Bh3 17. Nd1 Be6 18. Nge3 Bh3+ 19.
Kf2 Nd4 20. Nc3 $14) 17. Ne3 Bh3+ 18. Kf2 $14 b5 19. Bf1 (19. cxb5 $2 axb5 20.
Nxb5 Nxb5 21. Bxb5 d5 (21... Qxa2 22. Ba4 $18 {[%csl Ra2]}) (21... Rxc1 $1 22.
Rxc1 d5 23. Bxe5 dxe4 24. Qe2 exf3 25. Kxf3 Bc5 26. g4 Bxe3 (26... Qa8+) 27.
Bxf6 $1 gxf6 28. Qxe3 Bxg4+ 29. Kf4 Rd4+ 30. Kg3 Be6 $17 {[%csl Rg3]}) 22. Rxc8
Rxc8 23. exd5 Nxd5 24. Qxd5 Rc2+ 25. Be2 Rxb2 26. Qxe5 Qxa2 27. Re1 Bf8 28. g4
Rxb3 29. Nf5 $11) 19... Be6 20. Kg2 h5 (20... b4 21. Ncd5 $14) 21. h4 Bf8 (
21... Qb6 22. Bd3 $14) 22. Bd3 (22. Ned5 Nxd5 23. Nxd5 (23. cxd5 Bd7 24. Bd3
Be7 25. Ne2 Nxe2 26. Qxe2 Rxc1 27. Rxc1 Rc8 28. Rc2 Bd8 $11) 23... Bxd5 24.
exd5 $14) 22... g6 23. Ned5 Bg7 24. Nxf6+ Bxf6 25. Nd5 Bxd5 26. cxd5 $6 {
Now white can not increase the minimal advantage} (26. exd5 $142 bxc4 27. Bxc4
$14) 26... a5 27. Rxc8 Rxc8 28. Rc1 Rxc1 29. Qxc1 b4 30. Qc4 (30. Qc8+ Kg7 $11)
30... Kg7 (30... Qb6 $11) 31. Bxd4 Qxd4 32. Qxd4 exd4 33. f4 Kf8 34. Kf3 Ke7
35. Ke2 Kd8 36. Kd2 Bg7 37. Bf1 d3 38. Bxd3 Bc3+ 39. Ke3 Ke7 40. Bb5 Be1 41.
Kf3 Kf6 42. e5+ dxe5 43. fxe5+ Kxe5 44. Be8 Bc3 45. Bxf7 Kf6 46. Be8 Be5 47. g4
hxg4+ 48. Kxg4 Bd6 49. Kf3 Kf5 50. Ke3 Be7 51. h5 gxh5 52. Bxh5 Ke5 1/2-1/2

[Event "Lausanne YM Pool A"]
[Site "Lausanne"]
[Date "1999.05.12"]
[Round "1"]
[White "Sadvakasov, Darmen"]
[Black "Ponomariov, Ruslan"]
[Result "1-0"]
[WhiteElo "2487"]
[BlackElo "2609"]
[Annotator "Tsesarsky,I"]
[PlyCount "180"]
[EventDate "1999.05.??"]
[EventType "tourn"]
[EventRounds "3"]
[EventCountry "SUI"]
[EventCategory "13"]
[SourceTitle "CBM 071"]
[Source "ChessBase"]
[SourceDate "1999.08.01"]
[SourceVersion "1"]
[SourceVersionDate "1999.08.01"]
[SourceQuality "1"]

{[%mdl 20480]} 1. e4 d6 2. d4 Nf6 3. Nc3 g6 4. Bg5 h6 5. Bh4 Bg7 6. f4 c5 7. e5
Nh5 (7... dxe5 8. dxe5 Nfd7 9. e6 (9. Nf3 Nc6 10. Bb5 O-O 11. Qd2 $14) 9...
fxe6 (9... Bxc3+ 10. bxc3 Nf6 11. Qxd8+ (11. Bb5+ Nc6 12. Bxc6+ bxc6 13. Qxd8+
Kxd8 14. exf7 Rf8 15. Nf3 Rxf7 16. Ne5 $16) 11... Kxd8 12. exf7 Be6 13. O-O-O+
Kc8 14. Re1 Kd7 15. Nf3 $16 {1-0 Curdo,J-Burris,R/Massachusetts 1977 (21)}) 10.
Qg4 Nf8 11. Bd3 $14) (7... Ng4 $4 8. Bb5+ Bd7 (8... Nc6 9. d5 a6 10. dxc6 axb5
11. cxb7 $18) 9. Qxg4 cxd4 (9... Bxb5 10. Nxb5 $18 {1/2-1/2 Vujovic,M-Rue,D/St
Quentin FRA 1999 (34)}) 10. Bxd7+ Nxd7 11. Ne4 $16) 8. dxc5 Nxf4 (8... dxe5 9.
Qxd8+ Kxd8 10. O-O-O+ Bd7 11. fxe5 Bxe5 12. Nf3 Bxc3 13. bxc3 f6 14. Bc4 g5 15.
Bf2 $15 {[%csl Rc2,Rc3,Rc5]}) 9. exd6 (9. cxd6 g5 10. Bg3 Nc6 (10... Bxe5 11.
Bxf4 (11. Bb5+ Nd7 12. Bxf4 gxf4 13. dxe7 Qxe7 14. Nd5 Qe6 (14... Qh4+ 15. Kf1
$16) 15. Kf1 a6 $132) 11... gxf4 12. dxe7 Qxe7 13. Qe2 Bg4 14. Nf3 Bxf3 15.
gxf3 Qh4+ 16. Qf2 Qxf2+ 17. Kxf2 Bd4+ 18. Kg2 Rg8+ 19. Kh3 Bxc3 20. Bb5+ {
1/2-1/2 Luc,W-Lutz,R/Haderslev 1981 (20)}) 11. Bxf4 gxf4 12. Nf3 Nxe5 13. Nxe5
(13. Bb5+ Bd7 14. Qe2 $132) 13... Bxe5 14. Bb5+ Bd7 15. Qh5 exd6 16. O-O-O Bxb5
17. Rhe1 Qg5 18. Qxg5 hxg5 19. Rxd6 (19. Nxb5 O-O-O 20. Nxa7+ Kb8 21. Nb5 f3
$11 (21... Rxh2 22. Rxe5 $18)) 19... Ke7 (19... Bc6 20. Rxe5+ Kf8 21. Rxg5 Rxh2
$11 {1/2-1/2 Borngaesser,R-Dietrich,A/Wittlich ,GER 1980 (26)}) 20. Rd5 f6 21.
Rxb5 Rxh2 22. Rxb7+ Kd6 $17) 9... g5 10. Bg3 Qa5 (10... O-O $2 11. Bxf4 gxf4
12. Qf3 (12. Qd5 exd6 13. O-O-O Qa5 14. cxd6 Bxc3 15. bxc3 Qa3+ 16. Kd2 (16.
Kb1 Be6 $19) 16... Rd8 $44) 12... Nc6 13. O-O-O (13. Qxf4 exd6 14. cxd6 Re8+
15. Nge2 Re6 16. O-O-O Be5 17. Qf3 Rxd6 18. Rxd6 Qxd6 19. Ng3 Qb4 20. a3 Qf4+
21. Qxf4 Bxf4+ 22. Kb1 Be6 23. Bd3 $16) 13... e5 14. Nge2 Be6 15. g3 fxg3 16.
Qxg3 (16. hxg3 $16) 16... f5 17. Rg1 Qf6 18. Bg2 f4 19. Qf3 Kh8 20. Ne4 $16 {
1/2-1/2 Hall,J-Agrest,E/Harplinge SWE 1998 (75)}) 11. Qd2 (11. Bb5+ Bd7 12.
Bxd7+ Nxd7 13. Bxf4 gxf4 14. Nge2 Qxc5 15. dxe7 Qxe7 16. O-O $14 {[%csl Rf4]})
11... Qxc5 12. O-O-O (12. dxe7 Bxc3 13. Qxc3 Qxc3+ (13... Qxe7+ 14. Ne2 O-O 15.
Bxf4 gxf4 16. Qd4 $14 {[%csl Rf4]}) 14. bxc3 Kxe7 15. Bxf4 gxf4 16. Ne2 Bf5 17.
Rb1 b6 18. Nxf4 Bxc2 $132) 12... O-O (12... Bxc3 13. Qxc3 Qxc3 14. bxc3 exd6
$132) 13. dxe7 Qxe7 14. Nge2 $2 $132 (14. Bxf4 gxf4 15. Nge2 Be6 16. Nxf4 $16)
14... Nxe2+ 15. Bxe2 Bxc3 16. Qxc3 $5 (16. bxc3 Qa3+ 17. Kb1 Be6 18. c4 Rc8 $15
) 16... Qxe2 17. Rhe1 Qb5 (17... Qg4 18. Bd6 Rd8 (18... Nd7 19. Bxf8 Nxf8 20.
Rd8 $18) 19. Qf6 Nc6 20. Be5 Rxd1+ 21. Rxd1 Qxd1+ 22. Kxd1 Nxe5 23. Qxe5 $16)
18. Bd6 Rd8 (18... Nd7 19. Bxf8 Nxf8 20. Rd8 $18) 19. Bxb8 (19. Qf6 $2 Nc6 20.
Qxh6 (20. Be5 Rxd1+ 21. Rxd1 Qxe5 22. Rd8+ Nxd8 23. Qxe5 Be6 $19) 20... Bg4 $19
) 19... Rxd1+ (19... Bd7 20. Bc7 (20. Re5 Qa4 21. Bc7 Re8 22. Ra5 Qc6 $132)
20... Rdc8 21. Re5 Qa4 22. Ra5 Qg4 23. h3 Qe6 24. Re5 Qc6 25. Rc5 Qe6 26. Rd6
$18) 20. Rxd1 Bd7 21. Qc7 (21. Qg3 Kh7 $11) 21... Be6 (21... Be8 22. b3 (22. h3
b6 (22... a6 23. g3 Qc6 $11) 23. b3 Kh7 24. Rd8 Qf1+ 25. Kb2 Qf6+ 26. Ka3 Qe6
27. Bxa7 Qc6 28. Qe7 $132) (22. c4 Qc6 $11) 22... Kh7 (22... a6 23. Rd8 $18)
23. Rd8 Qf1+ 24. Kb2 Qf6+ 25. Ka3 Bc6 26. c4 (26. g4 a5 27. Rf8 Kg7 28. Rc8 a4
(28... Rxb8 29. Qxb8 b5 30. Rxc6 b4+ 31. Ka4 Qxc6+ 32. Kxa5 $16) 29. Qe5 axb3+
30. Kxb3 Ra6 $11) 26... Bxg2 27. Rd7 Kg7 28. Qg3 Qf5 29. Be5+ Kg8 $15) 22. b3
Kh7 23. Rd8 Qb6 $2 $16 (23... Qf1+ 24. Kb2 Qf6+ 25. Ka3 b5 $132) 24. Qxb6 axb6
25. a4 Ra5 (25... Kg6 26. c4 b5 27. axb5 Ra2 28. Rd2 Rxd2 29. Kxd2 $16) 26. c4
Bf5 27. Bc7 Be4 28. Bxb6 Rf5 (28... Ra6 29. a5 Bxg2 30. b4 $18 {[%csl Ra6]
[%cal Gb4b5]}) 29. Rd2 Rf1+ 30. Kb2 f5 31. g3 Kg6 $2 $18 (31... f4 32. gxf4
Rxf4 $16 (32... gxf4 33. Rf2 $18)) 32. Bc5 f4 33. gxf4 gxf4 34. Rf2 Rxf2+ 35.
Bxf2 Kf5 36. Kc3 Ke5 37. a5 h5 38. b4 Bg2 (38... Bf5 39. b5 Bc8 40. Kb4 Ke4 41.
Kc5 f3 42. Kb6 Kd3 43. c5 Ke2 44. Bh4 f2 45. Bxf2 Kxf2 46. c6 $18) 39. Bc5 (39.
b5 $18) 39... h4 40. b5 h3 41. Ba7 (41. Bd4+ Ke6 42. a6 bxa6 43. bxa6 $16)
41... Bf1 42. Bb8+ Ke6 (42... Kf5 43. Kd4 $1 (43. a6 bxa6 44. bxa6 Bg2 45. a7
Bb7 46. Kd4 f3 47. Bg3 Ke6 48. Ke3 Kf5 49. Bf2 Ke5 50. Be1 Kd6 51. Kd4 (51.
Bb4+ Ke6) 51... Ba8 52. Kc3 Ke5 53. Kb4 Kd6 54. Kb5 Kc7 55. Bf2 Bc6+ 56. Kc5
Ba8 $11) 43... Bg2 44. Bd6 Bh1 45. Kc5 Be4 46. Kb6 f3 47. Bg3 Ke6 48. a6 bxa6
49. Kxa6 Bd3 50. c5 Kd5 51. Bf2 Be2 52. Kb6 Bd3 53. c6 Kc4 54. c7 Bf5 55. Kc6
Be4+ 56. Kd6 Bb7 57. b6 $18) 43. Bxf4 Kd7 44. Kb4 Kc8 45. Kc5 Be2 46. a6 bxa6
47. bxa6 Kd7 48. Bg3 Bf3 49. Kb6 Bg2 50. Ka7 Kc8 51. Kb6 Kd7 52. Kc5 Bf3 53.
Kd4 Kc6 54. c5 Kb5 55. a7 Bg2 56. Bc7 Ba8 57. Bb6 Kc6 58. Ke5 Kd7 59. Kf4 Ke6
60. Kg4 Bg2 61. a8=Q Bxa8 62. Kxh3 Kf5 63. Kg3 Bc6 64. Bd8 Bd7 65. h4 Be8 66.
Bc7 Bh5 67. Bf4 Be8 68. Kf3 Ba4 69. Ke3 Be8 70. Bg3 Bc6 71. Bc7 Bb5 72. Kd4 Bc6
73. Bd8 Bf3 74. Ba5 Bc6 75. Be1 Bf3 76. Bd2 Kg4 77. Bg5 Kf5 78. Bd8 Kf4 79. Kc4
Ke5 80. Kb5 Ke6 81. c6 Kd6 82. c7 Kd7 83. Kc5 Bg4 84. Kd5 Ke8 85. Ke5 Kf7 86.
h5 Bc8 87. Bg5 Bg4 88. h6 Bc8 89. Kd6 Bf5 90. Kc6 Ke8 1-0